Best "Big Five" 2nd Tier Teams - Statistics

General Stats
  • This quiz has been taken 32 times
  • The average score is 4 of 25
Answer Stats
League Team Points % Correct
Championship Queens Park Rangers 1073
40%
Championship Reading 1042
40%
Championship Derby County 1134
30%
2. Bundesliga Hannover 96 1593
27%
Championship Preston North End 1079
27%
Serie B Bari 1075
23%
LaLiga2 Real Oviedo 2082
23%
Serie B Brescia 1275
17%
LaLiga2 Elche 2135
17%
LaLiga2 Sporting Gijón 2549
17%
2. Bundesliga St. Pauli 1690
17%
Serie B Vicenza 977
17%
Championship Cardiff City 1263
13%
Ligue 2 Guingamp 1523
13%
Ligue 2 Le Havre 1669
13%
LaLiga2 Tenerife 2191
13%
Ligue 2 Châteauroux 1458
10%
2. Bundesliga Greuther Fürth 1792
10%
LaLiga2 Real Murcia 2294
10%
2. Bundesliga Alemannia Aachen 1481
7%
2. Bundesliga Karlsruher 1441
7%
Ligue 2 Nîmes 1396
7%
Serie B Pescara 1023
7%
Serie B Ascoli 943
3%
Ligue 2 Chamois Niortais 1465
3%
No matching quizzes found
Score Distribution
Percent of People with Each Score
Percentile by Number Answered
Your Score History
You have not taken this quiz